000 00530nam a2200181Ia 4500
001 7811
005 20260306160522.0
008 260306t2014||||xx |||||||||||||| ||spa||
041 _aESP
082 _a362.2900835
_bM26
100 _aMartínez Martínez, Kalina Isela
_eAUT
245 0 _aManual PIBA:
_bprograma de intervención breve para adolescentes que inician el consumo de alcohol y otras drogas
260 _c2014
300 _axiv, 83 páginas :
_c23 cm.
650 _aGEN
654 _aCPS
942 _cLIB
_dJUS
_fJUS
_2ddc
_n
999 _c7811
_d7811